Normal view MARC view

Entry Personal Name

Number of records used in: 2

001 - CONTROL NUMBER

  • control field: 63962

003 - CONTROL NUMBER IDENTIFIER

  • control field: dpl

005 - DATE AND TIME OF LATEST TRANSACTION

  • control field: 20240327105633.0

008 - FIXED-LENGTH DATA ELEMENTS

  • fixed length control field: 240327|| aca||aabn | a|a d

040 ## - CATALOGING SOURCE

  • Original cataloging agency: dpl
  • Transcribing agency: dpl

100 ## - HEADING--PERSONAL NAME

  • Personal name: B. Ratna Kumari

670 ## - SOURCE DATA FOUND

  • Source citation: Work cat.: (dpl)201790: B. Ratna Kumari, The Vulnerability & Integration & Gender Dimensions In Hudhud Cyclone Disaster Management/, 2016

© Delhi Public Library
Hit Counter
free hit counter